00473nam a22001337a 4500003000200000005001700002008004100019050002200060100001900082245012100101260007200222300002800294500001700322020231106142601.0230313b xxu||||| |||| 00| 0 eng d aHF 5549b.C6 2022 aJeremiah R. Co aSelf-monitoring and levels of neuroticism of individuals who display symptoms of a gambling disordercJeremiah R. Co aLas Pinas CitybSouthville International School and CollegescC2022 ax,161pp.c28cm.fTheses aNeuroticism.